000 00634nam a2200277Ia 4500
005 20260324140127.0
008 008 260324s9999 xx 000 0 eng d
020 _a9780367802523
037 _aEBOOK
040 _aCRL
040 _beng
040 _cCRL
041 _2eng
041 _aeng
084 _qCRL
100 _aBharat Bushan
_91203232
245 0 _aHandbook of Micro/Nano Tribology
260 _bTaylor and Francis
260 _c1999
365 _a
365 _b560
856 _uhttp://www.taylorfrancis.com/books/9780367802523
942 _cEBOOK
999 _c1804958
_d1804958